ბათუმის შოთა რუსთაველის სახელმწიფო უნივერსიტეტის ბიბლიოთეკა

ორი ნიშანსვეტი ადრეულ ბრიტანულ კავკასიოლოგიაში = Two landmarks in early British Caucasus studies : (ბიბ.ჩანაწერი № 64118)

000 -ლიდერი
ფიქსირებული სიგრძის საკონტროლო ველი 01959nam a22002777a 4500
003 - საკონტროლო ნომრის იდენტიფიკატორი
საკონტროლო ველი Ge_BSU
005 - ბოლო ოპერაციის თარიღი და დრო
საკონტროლო ველი 20260408110349.0
008 - ფიქსირებული სიგრძის მონაცემთა ელემენტები - ზოგადი ინფორმაცია
ფიქსირებული სიგრძის საკონტროლო ველი 260408s2023 ge ||||| |||| 00| 0 geo d
020 ## - წიგნის საერთაშორისო სტანდარტული ნომერი
International Standard Book Number 9789941983382
041 ## - ენის კოდი
Language code of text/sound track or separate title geo
080 ## - უნივერსალური ათობითი კლასიფიკაციის ინდექსი
Universal Decimal Classification number 811.35'373 კ-49
100 ## - მთავარი ჩანაწერი - პიროვნების სახელი
Personal name კიკვიძე, ზაალ
9 (RLIN) 27285
245 ## - ცნობა სათაურის შესახებ
Title ორი ნიშანსვეტი ადრეულ ბრიტანულ კავკასიოლოგიაში = Two landmarks in early British Caucasus studies :
Remainder of title [ჯორჯ ელისი და დემეტრიუს რუდოლფ პიკოკი] /
Statement of responsibility, etc ზაალ კიკვიძე, ლევან ფაჩულია; რედაქტორი ზაალ კიკვიძე; სოხუმის სახელმწ. უნივერსიტეტი.
264 ## - წარმოების, გამოცემის, დისტრიბუციის და სხვა ცნობები
გამოცემის, წარმოების, დისტრიბუციის... ადგილი თბილისი :
გამოცემის, წარმოების, დისტრიბუციის... სახელწოდება სამშობლო,
გამოცემის, წარმოების, დისტრიბუციის... თარიღი 2023.
300 ## - ფიზიკური აღწერა
Extent 200 გვ.;
Other physical details 20 სმ.
500 ## - ზოგადი შენიშვნა
General note ტექსტი ქართულ და ინგლისურ ენებზე.
653 ## - INDEX TERM--UNCONTROLLED
Uncontrolled term ელისი, ჯორჯ, 1753-1815.
653 ## - INDEX TERM--UNCONTROLLED
Uncontrolled term პიკოკი, დემეტრიუს რუდოლფ, 1842-1892.
653 ## - INDEX TERM--UNCONTROLLED
Uncontrolled term კავკასიური ენების ლექსიკოლოგია.
653 ## - INDEX TERM--UNCONTROLLED
Uncontrolled term დემეტრიუს რუდოლფ პიკოკი და მისი ლექსოკოგრაფიული მემკვიდრეობა
653 ## - INDEX TERM--UNCONTROLLED
Uncontrolled term ჯორჯ ელისი და მისი ინგლისურ-კავკასიური სიტყვარები
700 ## - ADDED ENTRY--PERSONAL NAME
Personal name ფაჩულია, ლევან
Relator term ავტორი
9 (RLIN) 27286
700 ## - ADDED ENTRY--PERSONAL NAME
Personal name კიკვიძე, ზაალ
Relator term რედაქტორი
9 (RLIN) 27285
710 ## - ADDED ENTRY--CORPORATE NAME
Corporate name or jurisdiction name as entry element სოხუმის სახელმწ. უნივერსიტეტი
9 (RLIN) 27287
942 ## - ADDED ENTRY ELEMENTS (KOHA)
Source of classification or shelving scheme
Koha item type წიგნი
ეგზემპლარები
ჩამოწერის სტატუსი დაკარგული ეგზემპლარის სტატუსი კლასიფიკაციის წყარო ან თაროზე გაწყობის სქემა დაზიანების სტატუსი არ გაიცემა მუდმივი მდებარეობა (დაცვის ადგილი) ამჟამინდელი ადგილსამყოფელი თაროზე განთავსების ადგილი შეძენის თარიღი ღირებულება, შესყიდვის ნორმალური ფასი სრული შენახვის შიფრი შტრიხკოდი ბოლო ოპერაციის თარიღი ეგზემპლარის მიმდევრობითი ნომერი (კეტერი?) Uniform Resource Identifier ფასის ძალაში შესვლის თარიღი ეგზემპლარის სახეობა საჯარო შენიშვნა
          ბათუმის შოთა რუსთაველის სახელმწიფო უნივერსიტეტის მთავარი ბიბლიოთეკა ბათუმის შოთა რუსთაველის სახელმწიფო უნივერსიტეტის მთავარი ბიბლიოთეკა წიგნსაცავი 2026-04-08 8.50 811.35'373 კ-49 74257 2026-04-08 74257 ნაჩუქარი 2026-04-08 წიგნი 8 ლ. 50 თ.